| 000 | 00805nam a2200253Ia 4500 | ||
|---|---|---|---|
| 003 | OSt | ||
| 005 | 20220926033901.0 | ||
| 006 | a|||||r|||| 00| 0 | ||
| 007 | ta | ||
| 008 | 220923b |||||||| |||| 00| 0 eng d | ||
| 037 | _cGeneral Book | ||
| 040 |
_aRTL _cRTL _beng |
||
| 041 |
_2eng _aeng |
||
| 082 | _aU.2.N9, N2 | ||
| 100 |
_aSingh R L Ed. _9137014 |
||
| 245 | 0 |
_aRoots of Indian geography _b Search and research Homage to s p chatterjee |
|
| 260 |
_aVaranasi _bnational Geographical Society of India India _c1992 |
||
| 300 |
_avii,352p. _ccm. |
||
| 490 | _aInternaitonal geographical congress | ||
| 650 | _aIndian Geography | ||
| 700 |
_a Singh Rana P B Ed. _9236709 |
||
| 942 |
_hU.2.N9, N2 _cGB _2CC |
||
| 999 |
_c658180 _d658180 |
||